Name the countries based on facts or culture - Statistics

General Stats
  • This quiz has been taken 95 times
  • The average score is 15 of 15
Answer Stats
Questions Answers % Correct
This country is known for its famous celebrities, such as Drake and Justin Bieber, big cities, like Toronto and Ottawa, and known for its famous saying "Eh?" Canada
100%
This country is known for its queen, Elizabeth the 2nd, and famous people such as Simon Cowell and Gordon Ramsay England/UK/Britain/Scotland
100%
This country is known for anime and sushi, as well as many big cities such as Tokyo, Kyoto, and Kobe Japan
100%
This country is known for its leader, Vladimir Putin, and for hardbass music Russia
100%
This country, unlike its northern neighbor, is famous for k-pop, such as BTS, and for the super popular trend of mukbang South Korea/S. Korea
100%
This country is known for its huge cities, Beijing, Guangzhou, Hebei, Shanghai, and many more. It is also known for one of the oldest civilizations in the world China.
99%
This country is known for its Mediterranean cuisine, its capital of Athens, and for its ancient mythological beliefs in gods such as Zeus, Poseidon and Ares Greece
99%
This country is known for its famous inventions of spaghetti and pizza, and for its city of Rome. It also followed similar ancient beliefs as Greece, but with planet names, when it was the Roman Empire. Italy
99%
This country is known for its isolation from its southern neighbor, the leader is Kim-Jong-Un North Korea/N. Korea
99%
This country is known for its famous cities, examples are San Francisco and New York City USA/America/US/United States/United States of America
99%
This country is known for its big cities Mumbai and Delhi, and famous landmark Taj Mahal India
98%
This country is known for its city of Paris, the Eiffel tower, and as many people stereotype this country for its love of bread(baguette) and cheese France
96%
This country used to be the Ottoman Empire, and is known for its coffee and for its HUGE building, the Hagia Sophia mosque. It's city of Istanbul used to be the capital of the Byzantine empire, and is still the capital of this country Turkey
96%
This country is known for its super-rich city of Dubai, as it is the capital of this country UAE/United Arab Emirates/Emirates
93%
This country is known for its very rich royal family, and its big city of Riyadh. It has a lot of oil, which is valuable. Saudi Arabia/Saudi
90%
No matching quizzes found
Score Distribution
Percent of People with Each Score
Percentile by Number Answered
Your Score History
You have not taken this quiz